| 000 | 00409nam a2200157Ia 4500 | ||
|---|---|---|---|
| 100 | _aNatarajan/A.M/ Tamilarasi/A | ||
| 650 | _aProbability | ||
| 942 | _cBK | ||
| 366 | _f20 | ||
| 654 | _aProbability | ||
| 245 | _aProbability random processes and queing theory(Solutions to problems) | ||
| 260 |
_bNew Age Interational Ltd. _aMumbai _c2005 |
||
| 082 | _a658.4034/NAT | ||
| 300 | _a542 | ||
| 546 | _aENGLISH | ||
| 999 |
_c27522 _d27522 |
||